000 00887cam a2200289 i 4500
001 36821
003 BD-RjUL
005 20211209052540.0
008 140915s1988 maua 000 0 eng d
020 _a0669633704
035 _a(OCoLC)921065
035 _a(OCoLC)ocm00921065
035 _a(CStRLIN)NYCG85-B73803
035 _a(BD-RjUL)
035 _a(NNC)371401
040 _aNNC
_cNNC
082 _220
_a540
090 _aQD45
_b.H543 1972
100 1 _aHered, William,
_d1910-
_9112313
245 1 0 _aBasic laboratory studies in college chemistry :
_bwith a supplement in semimicro qualitative analysis /
_cWilliam Hered
250 _a8th ed.
260 _aLexington, Mass. :
_bD.C. Heath,
_cc1988.
300 _aviii, 423 p. :
_bill. ;
_c24 cm.
650 0 _aChemistry
_vLaboratory manuals.
_9112314
650 0 _aChemistry, Analytic
_xQualitative.
_9112315
942 _2ddc
_cBK
999 _c36821
_d36821